Egymintás T-próba számítása Excel programmal
Elmentve itt :
| Szerző: | |
|---|---|
| Dokumentumtípus: | Vegyes gyűjtemény |
| Megjelent: |
2020-07-31
|
| Kulcsszavak: | egymintás T-próba páros T-próba excel táblázatkezelés számítógép programozás |
| Tárgyszavak: | |
| Online Access: | http://eta.bibl.u-szeged.hu/3232 |
| LEADER | 01098noc a2200289 i 4500 | ||
|---|---|---|---|
| 001 | eta3232 | ||
| 005 | 20260305150009.0 | ||
| 008 | 200807s2020 hu o 000 hun d | ||
| 040 | |a SZTE Elektronikus Tananyag Archívum |b hun | ||
| 041 | |a hun | ||
| 100 | 1 | |a Domonkos Norbert | |
| 245 | 1 | 0 | |a Egymintás T-próba számítása Excel programmal |h [elektronikus dokumentum] / |c Domonkos Norbert |
| 260 | |c 2020-07-31 | ||
| 650 | 4 | |a Természettudományok | |
| 650 | 4 | |a Számítás- és információtudomány | |
| 650 | 4 | |a Orvos- és egészségtudomány | |
| 650 | 4 | |a Egészségtudományok | |
| 650 | 4 | |a Gondozás | |
| 695 | |a egymintás T-próba | ||
| 695 | |a páros T-próba | ||
| 695 | |a excel | ||
| 695 | |a táblázatkezelés | ||
| 695 | |a számítógép | ||
| 695 | |a programozás | ||
| 856 | 4 | 0 | |u https://eta.bibl.u-szeged.hu/3232/1/Egymint%C3%A1s%20T-pr%C3%B3ba%20sz%C3%A1m%C3%ADt%C3%A1sa%20Excel%20programmal.mp4 |z Dokumentum-elérés |
| 856 | 4 | 0 | |u https://eta.bibl.u-szeged.hu/3232/2/felirat.vtt |z Dokumentum-elérés |
| 856 | 4 | 0 | |u https://eta.bibl.u-szeged.hu/3232/3/felirat.html |z Dokumentum-elérés |